000 01079cad a22002055a 4500
001 L140890
008 070522s2007 xxk f 000 0 eng d
035 _a(Sirsi) u140890
041 0 _aeng
110 2 _aInternational Accounting Standards Board
_94097
245 0 0 _aIFRIC update
_bSeptember 2007
_h[electronic resource]
260 _aLondon
_bIASB
_c2007
490 0 _aIFRIC Update
_vSeptember 2007
520 _aSummary of the IFRIC meeting in London on 6 and 7 September 2007, when it discussed: IAS 18 Revenue?Customer contributions; IAS 27 Consolidated and Separate Financial Statements?Non-cash distributions; IFRS 2 Share-based Payment?Group cash-settled share-based payment transactions; IAS 39 Financial Instruments: Recognition and Measurement; IFRIC agenda decisions; Tentative agenda decisions; IFRIC work in progress.
590 _aKA
651 4 _aInternational
690 _aMANAGEMENT-BUSINESS MANAGEMENT-FINANCIAL MANAGEMENT-ACCOUNTING-FINANCIAL REPORTING
856 4 0 _uhttps://www.iasb.org/
_zView the item free of charge at www.iasb.org...
942 _n0
999 _c107564
_d107564